[Event "Chefchaouen op 18th"]
[Site "Chefchaouen"]
[Date "2019.07.16"]
[Round "2"]
[White "Roudi, Adnan"]
[Black "Buscara, Sevan"]
[Result "0-1"]
[WhiteElo "1941"]
[BlackElo "2404"]
[PlyCount "68"]
[EventDate "2019.07.15"]
[EventType "swiss"]
[EventRounds "9"]
[EventCountry "MAR"]
[SourceTitle "CBM 191 Extra"]
[Source "ChessBase"]
[SourceDate "2019.09.30"]
[SourceVersion "1"]
[SourceVersionDate "2019.09.30"]
[SourceQuality "1"]

1. c4 Nf6 2. Nc3 g6 3. g3 d5 4. cxd5 Nxd5 5. Bg2 Nb6 6. d3 Bg7 7. Nf3 Nc6 8. Be3 h6 9. Qd2 e5 10. 0-0 Nd4 11. Ne1 Nf5 12. Bc5 Nc4 13. Qc1 Ncd6 14. f4 exf4 15. Qxf4 0-0 16. e4 Nd4 17. Qf2 Ne6 18. Be3 Ng5 19. Qd2 f5 20. Nf3 Nxf3+ 21. Rxf3 Kh7 22. Re1 Re8 23. Rff1 fxe4 24. Nxe4 Nf5 25. Bf2 Nd4 26. Nc3 Rxe1 27. Rxe1 Bf5 28. Bxb7 c6 29. Bxd4 Qxd4+ 30. Kg2 Rb8 31. Bxc6 Qb6 32. Be4 Qxb2 33. Qxb2 Rxb2+ 34. Kf3 Bxc3 0-1

[Event "El Ksiba op"]
[Site "El Ksiba"]
[Date "2018.04.28"]
[Round "1"]
[White "Zaibi, Amir"]
[Black "Roudi, Adnan"]
[Result "1-0"]
[WhiteElo "2374"]
[BlackElo "1941"]
[PlyCount "51"]
[EventDate "2018.04.28"]
[EventType "swiss"]
[EventRounds "9"]
[EventCountry "MAR"]
[SourceTitle "CBM 184 Extra"]
[Source "ChessBase"]
[SourceDate "2018.06.28"]
[SourceVersion "1"]
[SourceVersionDate "2018.06.28"]
[SourceQuality "1"]

1. e4 d5 2. exd5 Qxd5 3. Nc3 Qa5 4. d4 c6 5. Bc4 Nf6 6. Bd2 Qd8 7. Qe2 e6 8. 0-0-0 Be7 9. Nf3 Nbd7 10. g4 Nb6 11. Bd3 Bb4 12. a3 Bxc3 13. Bxc3 Na4 14. Bd2 Nd5 15. Qe1 Bd7 16. b3 Nab6 17. Kb2 Qc7 18. Ne5 Bc8 19. c4 Ne7 20. Ba5 Qb8 21. Qe3 Nd7 22. Qg5 Nxe5 23. dxe5 b6 24. Bc3 Kf8 25. Be4 Bb7 26. Rd7 1-0